| 000 | 01144nam a2200277 i 4500 | ||
|---|---|---|---|
| 001 | 170726 | ||
| 003 | ES-MaACL | ||
| 005 | 20251011063152.0 | ||
| 008 | 090401s1953 sp |||| | spa d | ||
| 100 | 1 |
_aAldama, José Antonio de, _d1903-1980 _919598 |
|
| 245 | 1 | 0 |
_aSacrae Theologiae Summa. _nIII / _cauctoribus Iosepho A. de Aldama, Severino González, Iesu Solano. |
| 260 |
_aMatriti : _bLa Editorial Católica, _c1953. |
||
| 300 |
_aXXIII, 902 p. ; _c20 cm. |
||
| 490 | 1 |
_aBiblioteca de autores cristianos ; _v62 |
|
| 505 | 8 | _aContiene : De Verbo incarnato ; De B. María Virgine ; De gratia Christi ; De virtutibus infusis | |
| 546 | _aTexto en latín. | ||
| 594 | _aEn anteport. : Patres Societatis Iesu Facultatum Theologicarum in Hispania Profesores. | ||
| 594 | _aEn anteport. : Iuxta Constitutionem Apostolicam "Deus scientiarum Dominus" | ||
| 650 | 0 | 7 |
_aTeología _2embne _917457 |
| 700 | 1 |
_aGonzález, Severino. _958383 |
|
| 700 | 1 |
_aSolano, Jesús. _9107079 |
|
| 830 | 0 | 0 |
_aBiblioteca de autores cristianos _v62 _9178679 |
| 852 |
_aES-MaACL _jJ-60 |
||
| 852 |
_aES-MaACL _jP-1032-2 |
||
| 999 |
_c170726 _d170726 |
||